000 002820000a22000970004500
100 1 _aEmerton, J. A.
245 1 0 _aA further consideration of D.W. Thomas's theories about yada'
300 _aVol. 41, Num. 2 (Abril, 1991), Páginas 145-163
773 0 _tVetus Testamentum
942 _cANA
999 _c57653
_d57653